000
00256nam a2200109Ia 4500
008
190914s9999||||xx |||||||||||||| ||und||
100
_a
Harvey S.Rosen
245
0
_a
Public Finance
260
_a
New delhi
_b
McGraw Hill
_c
2005
300
_a
842
942
_c
BK
999
_c
9970
_d
9970